Social fractionalization, political instability, and the size of government
Gespeichert in:
| 1. Verfasser: | |
|---|---|
| Format: | Buch |
| Sprache: | Englisch |
| Veröffentlicht: |
Washington
International Monetary Fund
2000
|
| Schriftenreihe: | IMF Working Paper
WP/00/82 |
| Schlagworte: | |
| Tags: |
Keine Tags, Fügen Sie das erste Tag hinzu!
|
MARC
| LEADER | 00000nam a2200000 4500 | ||
|---|---|---|---|
| 001 | c124248 | ||
| 005 | 20221221083619.6 | ||
| 041 | 0 | |a eng | |
| 044 | |a US | ||
| 245 | 1 | 0 | |a Social fractionalization, political instability, and the size of government |c Anthony Annett |
| 264 | 1 | |a Washington |b International Monetary Fund |c 2000 | |
| 300 | |a 30 s. | ||
| 490 | 1 | |a IMF Working Paper |v WP/00/82 | |
| 830 | 0 | |a IMF Working Paper |v WP/00/82 | |
| 610 | 2 | 0 | |a nestabilita politická |
| 610 | 2 | 0 | |a vláda |
| 610 | 2 | 0 | |a frakcie |
| 610 | 2 | 0 | |a ekonómia politická |
| 610 | 2 | 0 | |a formy vládne |
| 100 | 1 | |a Annett, Anthony | |